La Construcción de la democracia electoral en Costa Rica: orígenes y desafíos /

Kaydedildi:
Detaylı Bibliyografya
Yazar: Merino del Río, José
Materyal Türü: Metin
Konular:
Etiketler: Etiketle
Etiket eklenmemiş, İlk siz ekleyin!

MARC

LEADER 00000 a a2200000 04500
001 17171
003
040
100 |a Merino del Río, José  
245 |a La Construcción de la democracia electoral en Costa Rica:   |b orígenes y desafíos /  |c José Merino del Río 
650 |a DEMOCRACIA  
650 |a POLITICA  
650 |a PARTICIPACION POLITICA  
650 |a ELECCIONES  
650 |a PARTIDOS POLITICOS  
650 |a COMPORTAMIENTO POLITICO  
773 |g volumen 8, número 2; páginas 67-89  
999 |c 22034  |d 22034